[Event "Challenge"]
[Site "http://www.queenalice.com/game.php?id=766980"]
[Date "2010.4.27"]
[Round "-"]
[White "Tchecmaurice"]
[Black "Sabaak_No_Gaara"]
[Result "0-1"]
[WhiteElo "1828"]
[BlackElo "1944"]

1. e4 e5 2. Nf3 Nc6 3. Bc4 Nd4 4. Nxd4 exd4 5. d3 c5 6. c3 Bd6 7. O-O Qc7 8. f4
Nh6 9. Na3 a6 10. cxd4 cxd4 11. b3 b5 12. Bd5 Bb7 13. Bxb7 Qxb7 14. Nc2 O-O 15.
Bb2 Bc5 16. Bxd4 Bxd4+ 17. Nxd4 Qb6 18. Kh1 Qxd4 19. Qd2 Ng4 20. Rae1 Rac8 21.
Rf3 d6 22. f5 Ne5 23. Rg3 Qc3 24. Qe3 a5 25. Rf1 b4 26. Qg5 Nd7 27. h4 Qf6 28.
Qg4 Ne5 29. Qh3 Rc2 30. h5 Rxa2 31. h6 g6 32. d4 Nc6 33. Rd1 Nxd4 34. fxg6 fxg6
35. Qd7 Ne2 36. Rg4 Ra1 37. Rxa1 Qxa1+ 38. Kh2 Qg1+ 0-1

[Event "Challenge"]
[Site "http://www.queenalice.com/game.php?id=766981"]
[Date "2010.4.27"]
[Round "-"]
[White "PawnOne"]
[Black "Sabaak_No_Gaara"]
[Result "1-0"]
[WhiteElo "1974"]
[BlackElo "1955"]

1. e4 e5 2. Nf3 Nc6 3. Bc4 Nd4 4. Nxd4 exd4 5. Qf3 Nf6 6. e5 d5 7. Bb3 Ng4 8.
O-O Nxe5 9. Re1 Qe7 10. Qxd5 Nf3+ 11. gxf3 Qxe1+ 12. Kg2 Bh3+ 13. Kxh3 Qf1+ 14.
Kg4 Qg2+ 15. Kf5 Qg6+ 16. Ke5 f6+ 17. Ke6 Rd8 18. Ba4+ c6 19. Bxc6+ bxc6 20.
Qxc6+ Rd7 21. Qxd7# 1-0

[Event "Challenge"]
[Site "http://www.queenalice.com/game.php?id=766982"]
[Date "2010.4.27"]
[Round "-"]
[White "MMANZAN"]
[Black "Sabaak_No_Gaara"]
[Result "1-0"]
[WhiteElo "2141"]
[BlackElo "2022"]

1. Nc3 e5 2. Nf3 Nc6 3. e4 Bc5 4. Nxe5 Bxf2+ 5. Kxf2 Nxe5 6. d4 Ng6 7. Bc4 Qf6+
8. Ke1 Qc6 9. Bd5 Qa6 10. Rf1 Nf6 11. Bg5 O-O 12. Bxf6 gxf6 13. Qf3 Nh4 14. Qg3+
Ng6 15. Qxc7 Ne7 16. Qc5 1-0

[Event "Challenge"]
[Site "http://www.queenalice.com/game.php?id=768774"]
[Date "2010.4.30"]
[Round "-"]
[White "anmarton"]
[Black "Sabaak_No_Gaara"]
[Result "1-0"]
[WhiteElo "2083"]
[BlackElo "1979"]

1. e4 e5 2. Nc3 Bb4 3. f4 exf4 4. Qg4 g5 5. h4 d5 6. Qxg5 Qxg5 7. hxg5 Bxc3 8.
dxc3 dxe4 9. Bxf4 c6 10. O-O-O Bg4 11. Be2 Bxe2 12. Nxe2 Nd7 13. Ng3 O-O-O 14.
Nxe4 Ne7 15. Nd6+ 1-0

[Event "Challenge"]
[Site "http://www.queenalice.com/game.php?id=770338"]
[Date "2010.5.4"]
[Round "-"]
[White "Josecarlos"]
[Black "Sabaak_No_Gaara"]
[Result "0-1"]
[WhiteElo "1918"]
[BlackElo "1938"]

1. c4 g6 2. d4 Bg7 3. Nf3 c5 4. e4 cxd4 5. Nxd4 Nc6 6. Be3 Nf6 7. Nxc6 bxc6 8.
Qc2 O-O 9. Bd3 Rb8 10. Bxa7 Qa5+ 11. Nd2 Qxa7 12. h3 Ba6 13. O-O Nh5 14. Rab1
Nf4 15. b3 e6 16. Nf3 d5 17. exd5 cxd5 18. Kh2 Rfc8 19. Nd2 Qc7 20. g3 dxc4 21.
bxc4 Nxd3 22. Qxd3 Rxb1 23. Rxb1 Bxc4 24. Qf3 Bd5 25. Qa3 Qc2 26. Qa5 Bc3 0-1

[Event "Challenge"]
[Site "http://www.queenalice.com/game.php?id=770339"]
[Date "2010.5.4"]
[Round "-"]
[White "Raskolnicov"]
[Black "Sabaak_No_Gaara"]
[Result "1-0"]
[WhiteElo "2054"]
[BlackElo "1956"]

1. e4 e5 2. Nf3 Nc6 3. Bb5 a6 4. Ba4 b5 5. Bb3 Bc5 6. c3 Bb7 7. d4 exd4 8. cxd4
Bb4+ 9. Nc3 Nge7 10. Ng5 O-O 11. Qh5 h6 12. Nxf7 Rxf7 13. Qxf7+ Kh7 14. a3 Ba5
15. Be3 Qg8 16. Qxg8+ Nxg8 17. O-O Nf6 18. Rac1 Bxc3 19. bxc3 Nxe4 20. Bc2 Ne7
21. f3 Nf5 22. Bf2 Nxc3 23. Bxf5+ g6 24. Bxg6+ Kxg6 25. Rxc3 1-0

[Event "Challenge"]
[Site "http://www.queenalice.com/game.php?id=778918"]
[Date "2010.5.21"]
[Round "-"]
[White "diablero"]
[Black "Sabaak_No_Gaara"]
[Result "0-1"]
[WhiteElo "1878"]
[BlackElo "1984"]

1. d4 f5 2. c4 Nf6 3. Nc3 c6 4. Nf3 e6 5. Bg5 d5 6. e3 Nbd7 7. cxd5 cxd5 8. Bd3
Bb4 9. O-O O-O 10. Rc1 Qe8 11. Qa4 Bd6 12. Nb5 Nb6 13. Qb3 Bd7 14. Nxd6 Qe7 15.
Nxb7 Ba4 16. Qc3 Qxb7 17. b3 Bd7 18. Qc7 Qxc7 19. Rxc7 Ne4 20. Rfc1 Rac8 21. Ne5
Nxg5 22. Ba6 Rxc7 23. Rxc7 Bc8 0-1

[Event "Challenge"]
[Site "http://www.queenalice.com/game.php?id=778921"]
[Date "2010.5.21"]
[Round "-"]
[White "jajaf1959"]
[Black "Sabaak_No_Gaara"]
[Result "1-0"]
[WhiteElo "1937"]
[BlackElo "1955"]

1. d4 f5 2. c4 Nf6 3. Bg5 e6 4. Nf3 c6 5. e3 d5 6. cxd5 cxd5 7. Be2 Bd6 8. O-O
O-O 9. Ne5 Nbd7 10. f4 Ne4 11. Bxd8 1-0

[Event "Challenge"]
[Site "http://www.queenalice.com/game.php?id=778923"]
[Date "2010.5.21"]
[Round "-"]
[White "gian_abramo"]
[Black "Sabaak_No_Gaara"]
[Result "1-0"]
[WhiteElo "2026"]
[BlackElo "1991"]

1. e4 e5 2. Nf3 Nc6 3. Bc4 Nd4 4. O-O Nxf3+ 5. Qxf3 Nf6 6. d4 d6 7. Bg5 Be7 8.
Rd1 O-O 9. dxe5 Nd7 10. Bxe7 Qxe7 11. exd6 cxd6 12. Nc3 Ne5 13. Qe2 Be6 14. Bd5
Rac8 15. f4 Nd7 16. f5 Bxd5 17. Nxd5 Qe5 18. c3 Nf6 19. Nxf6+ Qxf6 20. Rd4 Rfe8
21. Qd3 Re5 22. Rxd6 Rce8 23. Rxf6 1-0

[Event "Challenge"]
[Site "http://www.queenalice.com/game.php?id=778925"]
[Date "2010.5.21"]
[Round "-"]
[White "thewhitebishop"]
[Black "Sabaak_No_Gaara"]
[Result "1-0"]
[WhiteElo "1984"]
[BlackElo "1953"]

1. d4 f5 2. c4 Nf6 3. Nc3 c6 4. f3 d5 5. cxd5 cxd5 6. Bg5 e6 7. e4 fxe4 8. fxe4
Be7 9. e5 Nfd7 10. Bxe7 Qxe7 11. Nf3 O-O 12. Bd3 Nc6 13. a3 a6 14. O-O b5 15.
Qc2 g6 16. Nxd5 exd5 17. Qxc6 Nb6 18. Qxb6 Be6 19. Qc5 Qd8 20. Rac1 Rf7 21. a4
1-0

[Event "Challenge"]
[Site "http://www.queenalice.com/game.php?id=780274"]
[Date "2010.5.25"]
[Round "-"]
[White "Sabaak_No_Gaara"]
[Black "josa23"]
[Result "1-0"]
[WhiteElo "1976"]
[BlackElo "1900"]

1. e4 c5 2. f4 g6 3. Nf3 Nc6 4. Bc4 Bg7 5. O-O d6 6. f5 Ne5 7. Nxe5 Bxe5 8. fxg6
hxg6 9. Bxf7+ Kd7 10. h3 Nf6 11. Nc3 Qb6 12. Nd5 Qc6 13. c3 Nxe4 14. Qg4+ Kd8
15. Qxe4 Bf5 16. Rxf5 gxf5 17. Qxf5 b5 18. d4 cxd4 19. Nxe7 Kxe7 20. Bg5+ Kf8
21. Bd5+ Kg7 22. Qf7# 1-0

[Event "Challenge"]
[Site "http://www.queenalice.com/game.php?id=780803"]
[Date "2010.5.25"]
[Round "-"]
[White "aldebaran"]
[Black "Sabaak_No_Gaara"]
[Result "1-0"]
[WhiteElo "2097"]
[BlackElo "1998"]

1. e4 c5 2. c3 e5 3. Nf3 Nc6 4. Bc4 Nf6 5. Ng5 d5 6. exd5 Ne7 7. Nxf7 Kxf7 8.
d6+ Ned5 9. Bxd5+ Nxd5 10. Qh5+ Ke6 11. O-O Bxd6 12. Re1 Qf6 13. d4 Kd7 14. dxe5
Qe6 15. c4 Ne7 16. Qd1 Nf5 17. exd6 Qxd6 18. Qg4 1-0

[Event "Challenge"]
[Site "http://www.queenalice.com/game.php?id=780804"]
[Date "2010.5.25"]
[Round "-"]
[White "Marivaldo"]
[Black "Sabaak_No_Gaara"]
[Result "0-1"]
[WhiteElo "1978"]
[BlackElo "2022"]

1. d4 d5 2. Bf4 g6 3. c3 Bg7 4. Na3 Nf6 5. Qc1 O-O 6. e3 Bf5 7. Be2 b6 8. c4 c6
9. cxd5 Nxd5 10. Bg3 c5 11. dxc5 bxc5 12. Qxc5 Bxb2 13. Rd1 e6 14. Bd6 Nd7 15.
Qb5 Bxa3 16. Bxa3 Rb8 17. Qa4 Nc3 18. Qxd7 Nxd1 19. Qxd8 Rfxd8 20. Bxd1 Rb1 21.
Ke2 Rdxd1 22. Bc5 Rxg1 23. Rxg1 Rxg1 24. g3 Ra1 25. a3 e5 26. h4 Be4 27. Bd6 f6
28. f4 exf4 29. exf4 Kf7 30. Bb4 f5 31. Ke3 Ke6 32. Kd4 Rg1 33. Bc5 Rxg3 34.
Bxa7 Rxa3 35. Bc5 Rf3 36. Bb6 Rxf4 0-1

[Event "Challenge"]
[Site "http://www.queenalice.com/game.php?id=780806"]
[Date "2010.5.25"]
[Round "-"]
[White "McNinja"]
[Black "Sabaak_No_Gaara"]
[Result "1-0"]
[WhiteElo "1887"]
[BlackElo "2011"]

1. e4 b6 2. d4 Bb7 3. Nc3 Nf6 4. Nf3 Nxe4 5. Nxe4 Bxe4 6. Bd3 Bb7 7. Ne5 e6 8.
Qh5 g6 9. Nxg6 Rg8 10. Qxh7 Rg7 11. Qh5 d5 12. Nxf8 Qf6 13. Nh7 Qxd4 14. Ng5
Qe5+ 15. Be3 Qxb2 16. O-O Nd7 17. Nxe6 Rxg2+ 18. Kxg2 d4+ 19. Kg1 dxe3 20. Nxc7+
Ke7 21. Nxa8 Qg7+ 22. Bg6 fxg6 23. Qg5+ Kf8 24. Qd8+ 1-0

[Event "Challenge"]
[Site "http://www.queenalice.com/game.php?id=780807"]
[Date "2010.5.25"]
[Round "-"]
[White "Japy104"]
[Black "Sabaak_No_Gaara"]
[Result "1-0"]
[WhiteElo "1981"]
[BlackElo "1986"]

1. e4 b6 2. d4 Bb7 3. Nc3 Nf6 4. Bd3 g6 5. Nf3 Bg7 6. O-O O-O 7. Re1 d6 8. Bf4
Nbd7 9. e5 dxe5 10. dxe5 Ng4 11. h3 Bxf3 12. Qxf3 Ngxe5 13. Qe3 Nxd3 14. Qxd3 e5
15. Rad1 exf4 16. Qxd7 1-0

[Event "Challenge"]
[Site "http://www.queenalice.com/game.php?id=780808"]
[Date "2010.5.25"]
[Round "-"]
[White "yo_soy_lo_mejor"]
[Black "Sabaak_No_Gaara"]
[Result "0-1"]
[WhiteElo "2024"]
[BlackElo "2005"]

1. e4 b6 2. d4 Bb7 3. d5 g6 4. c3 Bg7 5. Bg5 Nf6 6. Bd3 O-O 7. Nd2 Na6 8. Ngf3
Nc5 9. Bc2 Ba6 10. c4 Bxc4 11. Nxc4 Nfxe4 12. Be3 f5 13. Qc1 c6 14. dxc6 dxc6
15. O-O Qc7 16. Bf4 Qd7 17. b4 Bxa1 0-1

[Event "Challenge"]
[Site "http://www.queenalice.com/game.php?id=780810"]
[Date "2010.5.25"]
[Round "-"]
[White "REUSKING"]
[Black "Sabaak_No_Gaara"]
[Result "1-0"]
[WhiteElo "1973"]
[BlackElo "2008"]

1. e4 b6 2. d4 e6 3. c4 Bb7 4. Bd3 Nc6 5. Ne2 Qf6 6. Be3 Bb4+ 7. Nbc3 O-O-O 8.
O-O Nh6 9. Qd2 Qe7 10. a3 Bxc3 11. Nxc3 Ng4 12. f3 Nxe3 13. Qxe3 g6 14. d5 Ne5
15. Be2 f5 16. f4 Ng4 17. Bxg4 fxg4 18. Rae1 h5 19. b4 h4 20. c5 h3 21. g3 Rhf8
22. d6 cxd6 23. cxb6 a6 24. Rc1 Kb8 25. Ne2 Rc8 26. Nd4 Rxc1 27. Rxc1 Rc8 28.
Rxc8+ Bxc8 29. Qc3 Bb7 30. Qc7+ Ka8 31. Nc6 Qe8 32. Nd8 1-0

[Event "Challenge"]
[Site "http://www.queenalice.com/game.php?id=780811"]
[Date "2010.5.25"]
[Round "-"]
[White "ysar"]
[Black "Sabaak_No_Gaara"]
[Result "1-0"]
[WhiteElo "2078"]
[BlackElo "2011"]

1. e4 b6 2. d4 Bb7 3. Nc3 e6 4. Bd3 Nc6 5. Be3 Qf6 6. Nf3 O-O-O 7. Bg5 Qg6 8.
Bxd8 Nxd8 9. Qe2 Bb4 10. O-O f5 11. Rfe1 1-0

[Event "Challenge"]
[Site "http://www.queenalice.com/game.php?id=780860"]
[Date "2010.5.25"]
[Round "-"]
[White "Bubba"]
[Black "Sabaak_No_Gaara"]
[Result "1-0"]
[WhiteElo "2090"]
[BlackElo "2036"]

1. d4 d5 2. c4 c6 3. Nc3 Nf6 4. Nf3 Bf5 5. Bf4 g6 6. e3 Bg7 7. Bd3 Qc8 8. Bxf5
Qxf5 9. Qb3 O-O 10. Qxb7 Nbd7 11. O-O dxc4 12. Qxc6 Nb6 13. Bg3 Qc2 14. Rab1
Rfc8 15. Qb5 Ne4 16. Qa5 Nd6 17. Rfc1 Qf5 18. Qxf5 Nxf5 19. Bf4 f6 20. Nd2 e5
21. dxe5 fxe5 22. Bg3 Rd8 23. Nde4 Rac8 24. Rd1 Rxd1+ 25. Rxd1 h5 26. h3 1-0